Ενεργειακή εκτίμηση δημοσίων κτιρίων στην πόλη της Χίου : [μεταπτυχιακή εργασία]
Αποθηκεύτηκε σε:
| Κύριος συγγραφέας: | |
|---|---|
| Συγγραφή απο Οργανισμό/Αρχή: | |
| Άλλοι συγγραφείς: | |
| Μορφή: | Thesis Βιβλίο |
| Γλώσσα: | Greek |
| Δημοσίευση: |
2011
|
| Θέματα: | |
| Διαθέσιμο Online: | http://hdl.handle.net/11610/14741 |
| Ετικέτες: |
Προσθήκη ετικέτας
Δεν υπάρχουν, Καταχωρήστε ετικέτα πρώτοι!
|
MARC
| LEADER | 00000cam a2200000 i 4500 | ||
|---|---|---|---|
| 001 | 1/39228 | ||
| 008 | 131216s2011 gre d | ||
| 035 | |l 10116163 | ||
| 040 | |a GR-MY-UA |b gre |e aacr | ||
| 041 | 0 | |a gre | |
| 082 | 0 | |a 720.472 |2 (22) | |
| 100 | 1 | |a Γλύκα, Δέσποινα. | |
| 245 | 1 | 0 | |a Ενεργειακή εκτίμηση δημοσίων κτιρίων στην πόλη της Χίου : |b [μεταπτυχιακή εργασία] / |c Δέσποινα Γλύκα ; επιβλέπων: Κ. Ζαφειριάδης |
| 260 | |c 2011 | ||
| 300 | |a 52 σ.; |b πίν., διαγρ.; |c 30 εκ. | ||
| 502 | |a Διατριβή (μεταπτυχιακή) – Πανεπιστήμιο Αιγαίου, Χίος, 2011. | ||
| 504 | |a Περιλαμβάνει βιβλιογραφία | ||
| 650 | 0 | 0 | |a Buildings |x Environmental engineering. |
| 650 | 0 | 0 | |a Public buildings |z Greece |z Chios. |
| 650 | 0 | |a Architecture and energy conservation |z Greece |z Chios. | |
| 650 | 0 | |a Buildings |x Energy conservation |z Greece |z Chios. | |
| 650 | 0 | |a Buildings |x Energy consumption |z Greece |z Chios. | |
| 650 | 0 | 0 | |a Dissertations, Academic |z Greece. |
| 700 | 1 | |a Ζαφειριάδης, Κωνσταντίνος. |4 ths | |
| 710 | 1 | |a Πανεπιστήμιο Αιγαίου |b Σχολή Επιστημών της Διοίκησης |b Τμήμα Μηχανικών Οικονομίας και Διοίκησης |b Μεταπτυχιακό Πρόγραμμα Σπουδών "Οικονομική & Διοίκηση για Μηχανικούς" - Ο.ΔΙ.Μ. | |
| 852 | |a INST |b CHIOS |c DIATR |e 20131216 |h 720.049 ΓΛΥ |p 005200033047 |q 005200033047 |t MTXE |y 23 | ||
| 852 | |a INST |b CHIOS |c DIATR |e 20131216 |h 720.049 ΓΛΥ |p 005200033048 |q 005200033048 |t MTXE |y 23 | ||
| 856 | |u http://hdl.handle.net/11610/14741 | ||
| 901 | |a BIBL2-2013-3 | ||
| 909 | |a Χ |b 169106 | ||
| 909 | |a Χ |b 169109 | ||
| 924 | |a ΓΛΥΚΑ |b ΔΕΣΠΟΙΝΑ |y ΧΙΟΣ |z 2012-03 | ||
| 970 | |a ΠΑΡΟΙΚΑΚΗ |b ΒΑΣΙΛΙΚΗ |z 2013/12/16 | ||